000 00481nam a2200181Ia 4500
008 230917s9999||||xx |||||||||||||| ||und||
020 _cRS919
040 _e257655
_aMAIN
041 _aEnglish
082 _a005.8 P483S(5)
100 _aPfleeger, Charles P
245 0 _aSecurity in computing
250 _a5th ed.
260 _aNoida
_bPearson India Education
_c2018
300 _axxxiii, 910 p.
500 _a3597 04/09/2019 HBD19/7957 30/09/2019 Main Budget
942 _cBK
999 _c32656
_d32656